Every 100,000+ City in Tanzania in Order - Statistics

General Stats
  • This quiz has been taken 18 times
    5 since last reset
  • The average score is 16 of 58
Answer Stats
Letter Population City % Correct
D-E-S 8,806,279 Dar es Salaam
100%
A 704,483 Arusha
80%
D 903,480 Dodoma
80%
M 1,524,931 Mwanza
80%
Z 1,106,395 Zanzibar
80%
M 744,802 Mbeya
60%
M 531,722 Morogoro
60%
T 482,039 Tanga
60%
B 150,168 Babati
20%
B 134,850 Bagamoyo
20%
B 103,315 Bariadi
20%
B 251,940 Bukoba
20%
B 158,633 Bunda
20%
G 394,114 Geita
20%
H 104,660 Handeni
20%
I 187,275 Ifakara
20%
I 132,705 Igunga
20%
I 314,908 Iringa
20%
K 504,130 Kahama
20%
K 273,549 Kasulu
20%
K 102,055 Katente
20%
K 289,235 Katoro
20%
K 286,401 Kibaha
20%
K 119,943 Kibondo
20%
K 381,077 Kigoma
20%
K 112,515 Kondoa
20%
K 135,223 Korogwe
20%
K 141,915 Kyela
20%
L 103,080 Lindi
20%
L 101,329 Liwale
20%
M 158,017 Mafinga
20%
M 148,017 Makambako
20%
M 151,291 Masasi
20%
M 130,505 Mbalizi
20%
M 118,089 Mbinga
20%
M 126,068 Mlowo
20%
M 363,870 Moshi
20%
M 245,120 Mpanda
20%
M 105,095 Mpwapwa
20%
M 305,688 Mtwara
20%
M 322,860 Musoma
20%
N 112,006 Newala
20%
N 202,487 Njombe
20%
N 102,880 Nzega
20%
S 165,430 Sengerema
20%
S 406,032 Shinyanga
20%
S 290,449 Singida
20%
S 346,625 Songea
20%
S 355,008 Sumbawanga
20%
T 357,041 Tabora
20%
T 108,402 Tandahimba
20%
T 160,219 Tarime
20%
T 297,150 Tunduma
20%
T 106,311 Tunduru
20%
U 104,927 Urambo
20%
U-R 193,616 Usa River
20%
V 440,176 Vikindu
20%
V 133,376 Vwawa
20%
No matching quizzes found
Score Distribution
Percent of People with Each Score
Percentile by Number Answered
Your Score History
You have not taken this quiz since the last reset